Evaluation of SHBG Test for Disclosure of Insensitivity to Androgens

Bibliographic Details
Main Authors: Kalvachová, B. (Author), Zapletalová, J. (Author), Lisá, Lidka, 1933- (Author), Stárka, L. (Author), Hill, M. (Author), Lachman, M. (Author), Šnajderová, M. (Author), Hampl, R. (Author)
Format: Article
Language:English

MARC

LEADER 00000nab a2200000uu 4500
001 vtls010891185
003 SK-MaSNL
005 20260303135610.0
008 230218|1993 xo |||||||||||||||||eng|
015 |a SNBRB 
035 |a (urnnbn)urn:nbn:sk:snk:ar-0063q6 
035 |a (uuid)814e200b-f69e-4c34-85cb-e11fb84f2628 
035 |a urn:nbn:sk:snk-ab8l17 
040 |a SNKBUCL  |b slo  |c SNKBUCL  |e AACR2 
041 0 |a eng 
044 |a xo  |c SK 
100 1 |a Kalvachová, B.  |4 aut  |9 1133765 
245 1 0 |a Evaluation of SHBG Test for Disclosure of Insensitivity to Androgens  |c B. Kalvachová, J. Zapletalová, L. Lisá, L. Stárka, M. Hill, M. Lachman, M. Šnajderová, R. Hampl 
700 1 |a Zapletalová, J.  |4 aut  |9 775633 
700 1 |a Lisá, Lidka,  |d 1933-  |4 aut  |9 200658 
700 1 |a Stárka, L.  |4 aut  |9 945693 
700 1 |a Hill, M.  |4 aut  |9 794533 
700 1 |a Lachman, M.  |4 aut  |9 1157181 
700 1 |a Šnajderová, M.  |4 aut  |9 1147089 
700 1 |a Hampl, R.  |4 aut  |9 852256 
773 0 |t Endocrine regulations  |g Roč. 27, č. 2 (1993), s. 65-70 
958 |a OND 
958 |a EUIPO 
958 |a article10 
999 |c 1966608  |d 1968538